|
|
|
|
| LEADER |
00000nab a2200000 ar4500 |
| 001 |
vtls010072088 |
| 003 |
SK-MaSNL |
| 005 |
20260303215541.0 |
| 008 |
100305c1974 xo |r|p|||||||000 b|slo |
| 015 |
|
|
|a SNBRB1974
|
| 038 |
|
|
|a SNKBUCL
|
| 040 |
|
|
|a SNKBUCL
|b slo
|c SNKBUCL
|e AACR2
|
| 041 |
|
|
|a slo
|
| 044 |
|
|
|a xo
|c SK
|
| 080 |
|
|
|a 792.5
|2 1997
|
| 100 |
1 |
|
|a Ursínyová, Terézia,
|d 1942-
|4 aut
|9 103725
|
| 245 |
1 |
0 |
|a Maľované jemne, živo, výstižne
|c Terézia Ursínyová
|
| 600 |
1 |
7 |
|a Bryll, Ernest,
|d 1935-2024
|t Na skle maľované
|2 snkbucl
|9 242688
|
| 600 |
1 |
7 |
|a Gärtner, Katarzyna,
|d 1942-
|t Na skle maľované
|2 snkbucl
|9 828815
|
| 610 |
2 |
7 |
|a Slovenské národné divadlo.
|b Činohra
|2 snkbucl
|9 32459
|
| 630 |
0 |
7 |
|a Na skle maľované (muzikál)
|2 snkbucl
|9 828816
|
| 650 |
0 |
7 |
|a muzikály
|2 snkbucl
|9 3332
|
| 655 |
|
7 |
|a recenzie
|2 snkbucl
|9 21907
|
| 773 |
0 |
|
|t Večerník
|g (22.10.1974), s. 5
|
| 852 |
|
|
|a SNK
|b KIS3GCP
|
| 958 |
|
|
|a RC
|
| 999 |
|
|
|c 2222113
|d 2224043
|